|
|
|
|
| LEADER |
00000cas a2200000 a 4500 |
| 001 |
vtls001311961 |
| 003 |
SK-MaSNL |
| 005 |
20260221112407.0 |
| 008 |
971125d199019uuxr u| 0 0 0slo d |
| 035 |
|
|
|a SNK000264350
|
| 040 |
|
|
|a SNK
|b slo
|c SNK
|e AACR2
|
| 041 |
0 |
|
|a slo
|
| 044 |
|
|
|a xr
|c CZ
|
| 245 |
0 |
0 |
|a Spravodajca ústredných štatistických orgánov
|
| 260 |
|
|
|a Praha
|b Federálny štatistický úrad
|c 1990-[19??]
|
| 910 |
|
|
|a snk
|
| 999 |
|
|
|c 228
|d 2158
|
| 952 |
|
|
|0 0
|1 0
|4 0
|7 0
|a SNK
|b SNK
|d 1997-11-25
|l 0
|o snkČSB 1666/31/1990
|p 17A0109766
|r 2005-01-02 00:00:00
|w 2026-02-21
|y PREZ
|
| 952 |
|
|
|0 0
|1 0
|4 0
|7 0
|a SNK
|b SNK
|d 1998-12-04
|l 0
|o snkČSB 1666/33/1992 D1
|p 17A0172757
|r 2005-01-02 00:00:00
|w 2026-02-21
|y PREZ
|
| 952 |
|
|
|0 0
|1 0
|4 0
|7 0
|a SNK
|b SNK
|d 1998-12-04
|l 0
|o snkČSB 1666/32/1991 D1
|p 17A0172879
|r 2005-01-02 00:00:00
|w 2026-02-21
|y PREZ
|